| 000 | 00537nam a22001817a 4500 | ||
|---|---|---|---|
| 999 |
_c190186 _d190186 |
||
| 005 | 20220720115155.0 | ||
| 010 | _aENG-133715 | ||
| 020 | _c175.00 | ||
| 035 | _aEN-117247 | ||
| 037 | _bDBAD/PUB | ||
| 082 | _a572 | ||
| 100 | _aRajesh, M | ||
| 245 |
_aBiochemistry: _bM.Sc. entrance exams preparation material / _cby M. Rajesh |
||
| 260 |
_aHyderabad _bLorven Publications _c2010 |
||
| 270 |
_a3-5-1108, Maruthi Complex, Narayanguda _bHyderabad _e500029 |
||
| 300 |
_a304p. _c23cm(pbk) |
||
| 942 |
_2ddc _cEN _h572 _mRAJ |
||